| 000 | 00718nam a22002297a 4500 | ||
|---|---|---|---|
| 999 |
_c8401 _d8401 |
||
| 003 | AR-CdUCM | ||
| 008 | 190325b ||||| |||| 00| 0 spa d | ||
| 040 |
_aMUNICIPALIDAD PROVINCIAL DEL CUSCO _cBIBLIOTECA MUNICIPAL DEL CUSCO |
||
| 082 |
_a335.4 / _bB29 |
||
| 100 |
_aBazán, Armando _923579 |
||
| 245 | _aUnamuno y el Marxismo / | ||
| 260 |
_aMadrid : _bImprenta de Juan Pueyo, _c1935. |
||
| 300 |
_a95 páginas ; _c19 cm. |
||
| 500 | _aDonación familia Nieto. Tapa y lomo dañados. | ||
| 505 | _aContenido : Ensayo de I. Ehremburg. | ||
| 650 |
_aLiteratura y marxismo _923580 |
||
| 650 |
_aMarxismo _924 |
||
| 650 |
_aUnamuno _923581 |
||
| 700 |
_aEhremburg, I. _923582 |
||
| 942 |
_2ddc _cLIBROS |
||
| 945 | _azta | ||